Metropolitné regióny v znalostnej ekonomike
Teoretické vymedzenie metropolitných regiónov. Charakteristika metropolitných regiónov v Európe - vo Veľkej Británii, Francúzsku, Taliansku a Španielsku. Základné znaky metropolitných regiónov. Lokalizácia pobočiek multinacionálnych spoločností. Veda a výskum v metropolitných regiónoch. Inštitucioná...
Guardado en:
| Autor principal: | |
|---|---|
| Otros Autores: | |
| Formato: | Capítulo de libro |
| Lenguaje: | eslovaco |
| Materias: | |
| Etiquetas: |
Sin Etiquetas, Sea el primero en etiquetar este registro!
|
MARC
| LEADER | 00000naa$a2200000$$$4500 | ||
|---|---|---|---|
| 001 | 0112300 | ||
| 005 | 20240502072239.7 | ||
| 041 | 0 | |a slo | |
| 044 | |a SK | ||
| 245 | 1 | 0 | |a Metropolitné regióny v znalostnej ekonomike |c Miroslav Šipikal, Alžbeta Ivaničková |
| 520 | |a Teoretické vymedzenie metropolitných regiónov. Charakteristika metropolitných regiónov v Európe - vo Veľkej Británii, Francúzsku, Taliansku a Španielsku. Základné znaky metropolitných regiónov. Lokalizácia pobočiek multinacionálnych spoločností. Veda a výskum v metropolitných regiónoch. Inštitucionálna hustota, vzdelávanie a kvalifikácia v metropolitných regiónoch. Nástroje pre podporu poznatkovej ekonomiky v metropolitných regiónoch. | ||
| 610 | 2 | 0 | |a regióny administratívne |
| 610 | 2 | 0 | |a regióny metropolitné |
| 610 | 2 | 0 | |a rozvoj regionálny |
| 610 | 2 | 0 | |a ekonomika vedomostná |
| 610 | 2 | 0 | |a veda |
| 610 | 2 | 0 | |a výskum |
| 610 | 2 | 0 | |a vzdelávanie |
| 610 | 2 | 0 | |a inštitúcie verejnoprávne |
| 610 | 2 | 0 | |a investície |
| 610 | 2 | 0 | |a inovácia |
| 610 | 2 | 0 | |a konkurencia |
| 610 | 2 | 0 | |a Európa |
| 100 | 1 | |a Šipikal, Miroslav, 1976- | |
| 700 | 1 | |a Ivaničková, Alžbeta | |